Loading...
| Literature - British Literature | 3 | 4 | 0 | 1 | 85 | 46 | 87.71 | 4 | 7 |
| Fine Arts - Visual Fine Arts | 0 | 6 | 0 | 3 | 60 | 90 | 123.83 | 1 | 6 |
| Literature - World Literature | 1 | 2 | 1 | 0 | 30 | 83 | 121.00 | 0 | 3 |
| Religion | 1 | 1 | 0 | 0 | 25 | 65 | 80.00 | 1 | 2 |
| Literature - American Literature | 1 | 1 | 0 | 0 | 25 | 51 | 81.00 | 1 | 2 |
| Other Academic | 0 | 2 | 0 | 0 | 20 | 102 | 105.00 | 0 | 2 |
| Literature - European Literature | 0 | 3 | 2 | 0 | 20 | 112 | 114.00 | 1 | 3 |
| Mythology | 0 | 2 | 1 | 1 | 15 | 91 | 119.50 | 0 | 2 |
| History - World History | 0 | 1 | 0 | 1 | 10 | 140 | 140.00 | 0 | 1 |
| History - American History | 0 | 1 | 0 | 1 | 10 | 137 | 137.00 | 0 | 1 |
| History - Ancient History | 0 | 1 | 0 | 0 | 10 | 85 | 85.00 | 0 | 1 |
| Philosophy | 0 | 1 | 0 | 0 | 10 | 88 | 88.00 | 1 | 1 |
| Fine Arts - Auditory Fine Arts | 0 | 2 | 3 | 0 | 5 | 77 | 98.00 | 0 | 2 |
| Social Science | 0 | 0 | 1 | 0 | -5 | 0.00 | 0 | 0 | |
| Science - Other Science | 0 | 0 | 2 | 0 | -10 | 0.00 | 0 | 0 |